| 000 | 00649nam a22002177a 4500 | ||
|---|---|---|---|
| 003 | OSt | ||
| 005 | 20151029151433.0 | ||
| 008 | 130308t xxu||||| |||| 00| 0 eng d | ||
| 020 | _a9781853260117 | ||
| 050 |
_aPS 1306 _b.T969 2001 |
||
| 082 |
_aIB 808.83 _bT91a 2001 |
||
| 100 | _aTwain, Mark | ||
| 245 |
_aThe adventures of tom sawyer & the adventures of huckleberry finn / _cMark Twain ; with an introduction and notes by Stuart Hutchinson. |
||
| 260 |
_aWare, Hertfordshire : _bWordsworth Classics, _c2001 |
||
| 300 |
_axxii, 396 p. ; _c20 cm |
||
| 562 | _e3 | ||
| 942 |
_2lcc _cBK |
||
| 999 |
_c3042 _d3042 |
||